A History of Muslim Philosophy / (Record no. 194011)

000 -LEADER
fixed length control field 02183 a2200181 4500
003 - CONTROL NUMBER IDENTIFIER
control field Nust
005 - DATE AND TIME OF LATEST TRANSACTION
control field 20230227130919.0
020 ## - INTERNATIONAL STANDARD BOOK NUMBER
International Standard Book Number 9694073415
040 ## - CATALOGING SOURCE
Transcribing agency Nust
082 ## - DEWEY DECIMAL CLASSIFICATION NUMBER
Classification number 181.07,SHA
100 ## - MAIN ENTRY--PERSONAL NAME
Personal name M.M Sharif
9 (RLIN) 364
245 ## - TITLE STATEMENT
Title A History of Muslim Philosophy /
Statement of responsibility, etc. M.M.Sharif
250 ## - EDITION STATEMENT
Edition statement Volume -2
260 ## - PUBLICATION, DISTRIBUTION, ETC.
Place of publication, distribution, etc. Pakisatn Karachi
Name of publisher, distributor, etc. Royal book company
Date of publication, distribution, etc. 2007
300 ## - PHYSICAL DESCRIPTION
Extent viii,1792p;
505 ## - FORMATTED CONTENTS NOTE
Formatted contents note Fall of the 'Abbasid Caliphate by Abdul Shakoor Ahsan (Page-789), Ibn Taimiyah by Serajul Haque (Page-796), Jalal al-Din Rumi by Khalifah Abdul Hakim (Page-820), Mahmud Shabistari, al-Jili and Jami by B. A. Dar (Page-839), Shaikh Ahmad Sirhindi by Muhammad Farman (Page-873), Jalal al-Din Dawwani by Bakhtyar Husain Siddiqi (Page-883), Ibn Khaldun by Muhsin Mahdi (Page-888), The School of Ispahan by Seyyed Hossein Nasr (Page-904), Sadr al-Din Shirazi (Mulla Sadra) by Seyyed Hossein Nasr (Page-932), Ibn Khaldun by Muhsin Mahdi (Page-961), Book Five Arabic Literature: Poetic and Prose Forms by S. M. Yusu (Page-985), Arabic Literature: Grammar and Lexicography by S. M. Yusuf (Page-1015), Arabic Literature: Theories of Literary Criticism by M. Khalaf-allah (Page-1031), Persian Literature by Sa'id Naficy.(Page-1043), Turkish literature by Meedut Mansuroglu (Page-1058), Architecture (Page-1075), Painting by M. Ajmal (Page-1110), Music by H. G. Farmer(Page-1124) Music (Continued) by H. G. Farmer (Page-1144), Minor Arts by Syed Abid Ali Abid.(Page-1178), Historiography by I. H. Qureshi.9Page-1195) Jurisprudence by M. Hamidullah (Page-1219), Geography by Nafis Ahmad (Page-1244), Mathematics and Astronomy by M. R. Siddiqi (Page-1277) Physics and Mineralogy by Muhammad Abdur Rahman Khan (Page-1292), Chemistry by Salimuzzaman Siddiqi and S. Mahdihassan (Page-1296), Natural History by Seyyed Hossein Nasr (Page-1316), Medicine by K. S. Shah (Page-1332), Book Six. Influence of Muslim Thought on the West (Page-1349), Influence of Muslim Thought on the East by C. A. Qadir (Page-1389), Decline in the Muslim World by C. A. Qadir (Page-1417), The Silver Lining: Development of the Urdu Language, Grammar, and Literature by S. M. Abdullah (Page-1434).
942 ## - ADDED ENTRY ELEMENTS (KOHA)
Source of classification or shelving scheme
Koha item type Book
Holdings
Withdrawn status Lost status Source of classification or shelving scheme Damaged status Not for loan Permanent Location Current Location Shelving location Date acquired Full call number Barcode Date last seen Price effective from Koha item type Public note
          Military College of Signals (MCS) Military College of Signals (MCS) General Stacks 12/12/2016 181.07,SHA MCS33610 12/08/2016 12/12/2016 Book Almirah No.73, Shelf No.2
          Military College of Signals (MCS) Military College of Signals (MCS) General Stacks 12/12/2016 181.07,SHA MCS33612 12/08/2016 12/12/2016 Book Almirah No.73, Shelf No.2
© 2023 Central Library, National University of Sciences and Technology. All Rights Reserved.